000 00895cam a2200301 i 4500
001 26886
003 Mx-PuUPA
005 20240418130349.0
008 140415s1995 mx gr 000 0 spa d
020 _a9682319536
040 _cMx-PuUPA
_aMx-PuUPA
_bspa
_dMx-PuUPA
_erda
041 _aspa
100 1 _aCalderón, Felipe
_eAutor
245 1 0 _aMovimientos sociales y política :
_bla década de los ochenta en Latinoamérica /
250 _aPrimera edición
260 _a
_b
_c
264 _aMéxico, D.F.
_bSiglo veintiuno editores
_c1995
300 _a132 páginas ;
_c21 cm
336 _2rdacontent
_atexto
_btxt
337 _2rdamedia
_asin medio
_bn
338 _2rdacarrier
_avolumen
_bnc
502 _a
650 1 7 _a
_2armarc
_913986
700 1 _a
_e
942 _2ddc
_cLI
_hxxx
_i C14
_n
999 _c26886
_d26886